| 000 | 01115cam a2200361 i 4500 | ||
|---|---|---|---|
| 999 |
_c66480 _d66480 |
||
| 001 | 768714001 | ||
| 003 | CO-MdFUSB | ||
| 005 | 20200707000333.0 | ||
| 007 | ta | ||
| 008 | 730524t1972 enk b 000 0 eng | ||
| 010 | _a 73160034 | ||
| 020 | _a0720802199 | ||
| 040 |
_aDLC _cCO-MdFUSB _dDLC _dCO-MdFUSB _bspa _erda |
||
| 041 | _aeng | ||
| 082 | 0 | 0 |
_223 _a222.3506 _bB935 |
| 100 | 1 |
_aBull, Geoffrey T., _d1921- _eautor |
|
| 245 | 1 | 0 |
_aLove-song in harvest: _ban interpretation of the Book of Ruth, _c/ Geoffrey T. Bull. |
| 264 | 1 |
_aLondres : _bPickering and Inglis, _c[1972] |
|
| 264 | 4 | _c© 1972 | |
| 300 |
_a181 páginas. _c21 cm. |
||
| 336 |
_2rdacontent _atexto _btxt |
||
| 337 |
_2rdamedia _asin mediación _bn |
||
| 338 |
_2rdacarrier _avolumen _bnc |
||
| 504 | _aBibliografía: página. 181. | ||
| 505 | _aDiez años en el país lejano. -- Un día en los campos de boa. -- Una noche en la era. -- Una hora en la puerta | ||
| 563 | _aRústico | ||
| 630 | 0 | 7 |
_aBiblia. _pRut |
| 942 | _cBK | ||
| 945 | _aJTF-925 | ||